000 00305nam a2200133Ia 4500
005 20251222140052.0
008 251222s1900||||xx |||||||||||||| ||spa||
020 _a8433914456
082 _a170/S27
100 _aSavater, Fernando
245 0 _aInvitación a la Ética
264 _bAnagrama
942 _cLIB
999 _c3646
_d3646